Harry Styles Songs (2026 update) - Statistics

General Stats
  • This quiz has been taken 965 times
  • The average score is 38 of 47
Answer Stats
Album Song % Correct
Fine line
95%
Sign of the times
94%
Watermelon sugar
94%
Kiss All The Time. Disco, Occasionally. Aperture
93%
Kiwi
92%
As it was
90%
American girls
89%
Carla's song
89%
Fine Line Golden
89%
Harry'House Music for a sushi restaurant
89%
Matilda
88%
Adore you
87%
Cherry
87%
From the dining table
86%
Pop
86%
Coming up roses
84%
Carolina
83%
Paint by numbers
83%
Two ghosts
82%
Harry Styles Meet me in the hallway
81%
Satellite
81%
Season 2 weight loss
81%
Dance no more
80%
Ever since New York
80%
Treat people with kindness
80%
Cinema
79%
Grapejuice
79%
Ready, Steady, Go!
79%
Taste back
79%
Boyfriends
78%
Lights up
78%
Love of my life
78%
She
78%
Are you listening yet ?
77%
Canyon Moon
77%
Daylight
77%
Keep driving
77%
Late night talking
77%
Only angel
77%
Falling
76%
Sunflower, Vol.6
76%
Woman
76%
Daydreaming
75%
Little freak
72%
Sweet creature
72%
The waiting game
70%
To be so lonely
68%
No matching quizzes found
Score Distribution
Percent of People with Each Score
Percentile by Number Answered
Your Score History
You have not taken this quiz